000 00589nam a2200205 4500
003 IIN
005 20251103131811.0
008 250402b |||adf|| |||| 001 0 eng d
020 _a9789392242120
_cRs.475.00
040 _aIIN
082 _a572.3
_bKAU
100 _aKaur, Amandeep
245 _aTextbook of Applied Biochemistry for BSc. Nursing Students (Semester II)
_cAmandeep Kaur
260 _aPunjab
_bVHS
_c2023
300 _a220 p.
_bcol. ill.
500 _aIncludes Index
650 _aBiochemistry
_xApplied Biochemistry
856 _uwww.visionbookpublisher.com
942 _cBOOK
999 _c1723
_d1723